NSC first aid : (Record no. 18479)

MARC details
000 -LEADER
fixed length control field 00808nam a22002297a 4500
005 - DATE AND TIME OF LATEST TRANSACTION
control field 20141021130531.0
006 - FIXED-LENGTH DATA ELEMENTS--ADDITIONAL MATERIAL CHARACTERISTICS--GENERAL INFORMATION
fixed length control field m||||f ||z 00| 0
008 - FIXED-LENGTH DATA ELEMENTS--GENERAL INFORMATION
fixed length control field 141021t2011 xxua fr f000 0 eng d
020 ## - INTERNATIONAL STANDARD BOOK NUMBER
International Standard Book Number 9780879123055
040 ## - CATALOGING SOURCE
Original cataloging agency EG-ScBUE
082 00 - DEWEY DECIMAL CLASSIFICATION NUMBER
Edition number 22
Classification number 616.0252
Item number NSC
130 0# - MAIN ENTRY--UNIFORM TITLE
Uniform title First aid (National Safety Council)
9 (RLIN) 36282
245 10 - TITLE STATEMENT
Title NSC first aid :
Remainder of title workbook /
Statement of responsibility, etc National Safety Council.
260 ## - PUBLICATION, DISTRIBUTION, ETC. (IMPRINT)
Place of publication, distribution, etc Itasca, United States :
Name of publisher, distributor, etc National Safety Council,
Date of publication, distribution, etc c.2011.
Place of manufacture ([Washington])
300 ## - PHYSICAL DESCRIPTION
Extent vi, 58 p. :
Other physical details ill. (col.) ;
Dimensions 26 cm. +
Accompanying material CD-ROM (4 3/4 in.)
500 ## - GENERAL NOTE
General note Includes NSC first aid quick guide.
650 #0 - SUBJECT ADDED ENTRY--TOPICAL TERM
Topical term or geographic name as entry element First aid in illness and injury
9 (RLIN) 20460
653 ## - INDEX TERM--UNCONTROLLED
Resource For college Nursing
Arrived date list October2014
655 ## - INDEX TERM--GENRE/FORM
Form subdivision
-- 34232
710 2# - ADDED ENTRY--CORPORATE NAME
9 (RLIN) 36281
Corporate name or jurisdiction name as entry element National Safety Council
942 ## - ADDED ENTRY ELEMENTS (KOHA)
Source of classification or shelving scheme Dewey Decimal Classification
Call number prefix 616.0252 NSC
Holdings
Withdrawn status Item status Source of classification or shelving scheme Damaged status Not for loan Vendor Home library Current library Shelving location Date acquired Source of acquisition Cost, normal purchase price Serial Enumeration / chronology Total Checkouts Total Renewals Full call number Barcode Date last seen Date last borrowed Cost, replacement price Koha item type Materials specified (bound volume or other part)
    Dewey Decimal Classification     Baccah Central Library Central Library First floor 21/10/2014   90.00 20526 1 1 616.0252 NSC 000036743 15/07/2025 18/09/2018 112.50 Book - Borrowing  
  Lost Dewey Decimal Classification     Baccah Central Library Central Library First floor 21/10/2014   90.00 20526 1 5 616.0252 NSC 000036744 28/07/2015 26/10/2014 112.50 Book - Borrowing Lost In Inventory_2015-8-23
    Dewey Decimal Classification     Baccah Central Library Central Library First floor 21/10/2014   90.00 20526 4 43 616.0252 NSC 000036745 15/07/2025 02/12/2019 112.50 Book - Borrowing  
    Dewey Decimal Classification     Baccah Central Library Central Library First floor 21/10/2014   90.00 20526     616.0252 NSC 000036746 24/08/2022   112.50 CD | DVD - With book Lost In Inventory_2015-8-23
    Dewey Decimal Classification     Baccah Central Library Central Library First floor 21/10/2014   90.00 20526     616.0252 NSC 000036747 24/08/2022   112.50 CD | DVD - With book Lost In Inventory_2015-8-23
  Lost Dewey Decimal Classification     Baccah Central Library Central Library First floor 21/10/2014   90.00 20526 1 4 616.0252 NSC 000036748 23/08/2016 26/10/2014 112.50 CD | DVD - With book Lost In Inventory_2018-08-12